Baker encyclopedia of psychology & counseling / (Record no. 2069)

MARC details
000 -LEADER
fixed length control field 01311cam a2200361 a 4500
001 - CONTROL NUMBER
control field 740858
003 - CONTROL NUMBER IDENTIFIER
control field GBCCL
005 - DATE AND TIME OF LATEST TRANSACTION
control field 20241126110416.0
008 - FIXED-LENGTH DATA ELEMENTS--GENERAL INFORMATION
fixed length control field 990224s1999 miu bd 001 0 eng
010 ## -
-- 99021768
020 ## - INTERNATIONAL STANDARD BOOK NUMBER
International Standard Book Number 0801021006
040 ## - CATALOGING SOURCE
Original cataloging agency DLC
Transcribing agency DLC
Modifying agency DLC
050 00 -
-- BF31
-- .B25 1999
082 00 - DEWEY DECIMAL CLASSIFICATION NUMBER
Classification number 253.5203
-- 150.3
Edition information 21
Item number BAK
245 00 - TITLE STATEMENT
Title Baker encyclopedia of psychology & counseling /
Statement of responsibility, etc. edited by David G. Benner & Peter C. Hill.
246 3# -
-- Baker encyclopedia of psychology and counseling
250 ## - EDITION STATEMENT
Edition statement 2nd ed.
260 ## - PUBLICATION, DISTRIBUTION, ETC.
Place of publication, distribution, etc. Grand Rapids, Mich. :
Name of publisher, distributor, etc. Baker Books,
Date of publication, distribution, etc. c1999.
300 ## - PHYSICAL DESCRIPTION
Extent 1276 p. ;
Dimensions 26 cm.
440 #0 - SERIES STATEMENT/ADDED ENTRY--TITLE
Title Baker reference library
9 (RLIN) 2719
500 ## - GENERAL NOTE
General note Rev. ed. of: Baker encyclopedia of psychology.
504 ## - BIBLIOGRAPHY, ETC. NOTE
Bibliography, etc. note Includes bibliographical references and index.
650 #0 - SUBJECT ADDED ENTRY--TOPICAL TERM
Topical term or geographic name entry element Psychology
Form subdivision Dictionaries.
9 (RLIN) 4240
650 #0 - SUBJECT ADDED ENTRY--TOPICAL TERM
Topical term or geographic name entry element Psychology, Pathological
Form subdivision Dictionaries.
9 (RLIN) 4241
650 #0 - SUBJECT ADDED ENTRY--TOPICAL TERM
Topical term or geographic name entry element Psychotherapy
Form subdivision Dictionaries.
9 (RLIN) 4242
700 1# - ADDED ENTRY--PERSONAL NAME
Personal name Benner, David G.
9 (RLIN) 4243
700 1# - ADDED ENTRY--PERSONAL NAME
Personal name Hill, Peter C.,
Dates associated with a name 1953-
9 (RLIN) 4244
730 0# -
-- Baker encyclopedia of psychology.
-- 4245
906 ## - LOCAL DATA ELEMENT F, LDF (RLIN)
a 7
b cbc
c orignew
d 1
e ocip
f 19
g y-gencatlg
942 ## - ADDED ENTRY ELEMENTS (KOHA)
Source of classification or shelving scheme Dewey Decimal Classification
Koha item type Reference Books
Holdings
Withdrawn status Lost status Source of classification or shelving scheme Damaged status Not for loan Home library Current Library Shelving location Date acquired Total checkouts Full call number Barcode Date last seen Copy number Price effective from Koha item type
    Dewey Decimal Classification     GRACE BIBLE COLLEGE GRACE BIBLE COLLEGE Encyclopedia 2017-06-28   253.5203 BAK 009912 2025-05-01 c.1 2017-06-28 Reference Books
© Grace Bible College Library 2025